| 000 | 00639nam a22002177a 4500 | ||
|---|---|---|---|
| 999 |
_c20913 _d20913 |
||
| 003 | AR-CdUCM | ||
| 008 | 190426b ||||| |||| 00| 0 spa d | ||
| 020 | _a9972-876-31-4 | ||
| 040 |
_aMUNICIPALIDAD PROVINCIAL DEL CUSCO _cBIBLIOTECA MUNICIPAL DEL CUSCO |
||
| 082 |
_a808.068 / _bB36 |
||
| 110 |
_aEditorial Arica S.A. _943640 |
||
| 245 | _aLa bella durmiente / | ||
| 260 |
_aPerú : _bArica. |
||
| 300 |
_bIlustraciones, _c26 cm. |
||
| 440 |
_aEl país de los cuentos _943641 |
||
| 650 |
_aCuentos infantiles _93927 |
||
| 650 |
_aLiteratura infantil _9588 |
||
| 650 |
_aAprendizaje _92143 |
||
| 942 |
_2ddc _cLIBROS |
||
| 945 | _aJavier | ||